| 000 | 00596nam a22001817a 4500 | ||
|---|---|---|---|
| 999 |
_c180120 _d180120 |
||
| 005 | 20210726125138.0 | ||
| 010 | _aENG-129640 | ||
| 020 |
_a978-93-8999-128-4 _c550.00 |
||
| 035 | _aEN-113172 | ||
| 037 | _bDBAD/PUB | ||
| 082 | _a343.540721 | ||
| 100 | _aVersha Vahini | ||
| 245 |
_aTextbook on Indian Competition Law/ _cBy Versha Vahini |
||
| 260 |
_bLexis Nexis _aGurgaon |
||
| 270 |
_a14th floor, Building No 10, Tower- B, DLF Cyber City, Phase- II, Gurgaon _bHaryana _e122002 _mhelp.in@lexisnexis.com |
||
| 300 |
_a282p; _c24cm(pbk) |
||
| 942 |
_2ddc _cEN _h343.540721 _mVAH |
||